<?xml version="1.0" encoding="UTF-8"?>
<record
    xmlns:xsi="http://www.w3.org/2001/XMLSchema-instance"
    xsi:schemaLocation="http://www.loc.gov/MARC21/slim http://www.loc.gov/standards/marcxml/schema/MARC21slim.xsd"
    xmlns="http://www.loc.gov/MARC21/slim">

  <leader>01290cam a2200361 a 4500</leader>
  <controlfield tag="003">OSt</controlfield>
  <controlfield tag="005">20140310184503.0</controlfield>
  <controlfield tag="008">051017s2005    nyuab  b      000 1 eng d</controlfield>
  <datafield tag="010" ind1=" " ind2=" ">
    <subfield code="a">  2005296462</subfield>
  </datafield>
  <datafield tag="020" ind1=" " ind2=" ">
    <subfield code="a">0439691427 (pbk.)</subfield>
  </datafield>
  <datafield tag="024" ind1="3" ind2="0">
    <subfield code="a">9780439691420</subfield>
  </datafield>
  <datafield tag="035" ind1=" " ind2=" ">
    <subfield code="a">(OCoLC)ocm59278628</subfield>
  </datafield>
  <datafield tag="040" ind1=" " ind2=" ">
    <subfield code="a">HT#</subfield>
    <subfield code="c">HT#</subfield>
    <subfield code="d">OCLCQ</subfield>
    <subfield code="d">EHH</subfield>
    <subfield code="d">VP@</subfield>
    <subfield code="d">BAKER</subfield>
    <subfield code="d">OCLCQ</subfield>
    <subfield code="d">XY4</subfield>
    <subfield code="d">DLC</subfield>
  </datafield>
  <datafield tag="041" ind1="1" ind2=" ">
    <subfield code="a">eng</subfield>
    <subfield code="h">ita</subfield>
  </datafield>
  <datafield tag="042" ind1=" " ind2=" ">
    <subfield code="a">lcac</subfield>
    <subfield code="a">lccopycat</subfield>
  </datafield>
  <datafield tag="050" ind1="0" ind2="0">
    <subfield code="a">PZ 7</subfield>
    <subfield code="b">.St857m19 2005</subfield>
  </datafield>
  <datafield tag="100" ind1=" " ind2=" ">
    <subfield code="a">Stilton, Geronimo </subfield>
  </datafield>
  <datafield tag="130" ind1="0" ind2=" ">
    <subfield code="a">Il mio nome &#xE8; Stilton, Geronimo Stilton.</subfield>
    <subfield code="l">English.</subfield>
    <subfield code="9">28708</subfield>
  </datafield>
  <datafield tag="245" ind1="1" ind2="0">
    <subfield code="a">My name is Stilton, Geronimo Stilton /</subfield>
    <subfield code="c">Geronimo Stilton ; [illustrations from ideas by Larry Keys, drawn by Raterto Rattonchi].</subfield>
  </datafield>
  <datafield tag="260" ind1=" " ind2=" ">
    <subfield code="a">New York :</subfield>
    <subfield code="b">Scholastic, Inc.,</subfield>
    <subfield code="c">2005.</subfield>
  </datafield>
  <datafield tag="300" ind1=" " ind2=" ">
    <subfield code="a">102 p. :</subfield>
    <subfield code="b">col. ill. ;</subfield>
    <subfield code="c">20 cm.</subfield>
  </datafield>
  <datafield tag="521" ind1="0" ind2=" ">
    <subfield code="a">G2</subfield>
  </datafield>
  <datafield tag="526" ind1=" " ind2=" ">
    <subfield code="c">450</subfield>
  </datafield>
  <datafield tag="650" ind1=" " ind2="0">
    <subfield code="a">Stilton, Geronimo (Fictitious character)</subfield>
    <subfield code="v">Juvenile fiction.</subfield>
    <subfield code="9">28709</subfield>
  </datafield>
  <datafield tag="650" ind1=" " ind2="0">
    <subfield code="a">Mice</subfield>
    <subfield code="v">Fiction.</subfield>
    <subfield code="9">28710</subfield>
  </datafield>
  <datafield tag="650" ind1=" " ind2="1">
    <subfield code="a">Mice</subfield>
    <subfield code="v">Fiction.</subfield>
    <subfield code="9">28711</subfield>
  </datafield>
  <datafield tag="650" ind1=" " ind2="1">
    <subfield code="a">Journalists</subfield>
    <subfield code="v">Fiction.</subfield>
    <subfield code="9">28712</subfield>
  </datafield>
  <datafield tag="650" ind1=" " ind2="1">
    <subfield code="a">Humorous stories.</subfield>
    <subfield code="9">3831</subfield>
  </datafield>
  <datafield tag="906" ind1=" " ind2=" ">
    <subfield code="a">7</subfield>
    <subfield code="b">cbc</subfield>
    <subfield code="c">copycat</subfield>
    <subfield code="d">2</subfield>
    <subfield code="e">ncip</subfield>
    <subfield code="f">20</subfield>
    <subfield code="g">y-gencatlg</subfield>
  </datafield>
  <datafield tag="942" ind1=" " ind2=" ">
    <subfield code="2">lcc</subfield>
    <subfield code="c">BK-SCHOLAS</subfield>
  </datafield>
  <datafield tag="999" ind1=" " ind2=" ">
    <subfield code="c">34757</subfield>
    <subfield code="d">34757</subfield>
  </datafield>
  <datafield tag="952" ind1=" " ind2=" ">
    <subfield code="0">0</subfield>
    <subfield code="1">0</subfield>
    <subfield code="2">lcc</subfield>
    <subfield code="4">0</subfield>
    <subfield code="a">LUX</subfield>
    <subfield code="b">LUX</subfield>
    <subfield code="c">SCHO</subfield>
    <subfield code="d">2013-10-12</subfield>
    <subfield code="l">2</subfield>
    <subfield code="o">PZ 7 .St857m19 2005</subfield>
    <subfield code="p">LEX2049</subfield>
    <subfield code="r">2017-04-18 00:00:00</subfield>
    <subfield code="s">2015-07-15</subfield>
    <subfield code="t">1</subfield>
    <subfield code="w">2013-10-12</subfield>
    <subfield code="y">BK</subfield>
  </datafield>
</record>
